00997cam a2200277 a 450000100060000000300080000600500170001400800410003102000150007203500190008703500120010604000180011804100080013608200240014410000420016824501000021026000670031030000280037750000590040565000200046470000460048470000400053094200120057099900170058295201200059977092BD-RjUL20211209082926.0890203q19411984nyuce b 00010 eng d a0820100250 a(BD-RjUL)77316 a1191095 aANLcANLbeng aeng 217a813.3bPOE 19411 aPoe, Edgar Allan,d1809-1849.923972110aEdger Allan Poe : seven stories adapted from the original of Edger Allan Poe /cEdger Allan Poe aWashington , D.C.:bEnglish language cultural divition ,c1941 a89 p. : bill. ;c27 cm aMicroform reproduction of the original published 1941. afiction92397221 aQuinn, Arthur Hobson,d1875-1960.92397251 aHart, Richard Harry,d1908-9239726 2ddccBK c77092d77092 00102ddc40718NFICaRUCLbRUCLcReadingd1996-11-30l0o813.3 POE 1941r2020-02-24 00:00:00tC-1w2020-02-24yBK